000 00619nam a2200193Ia 4500
003 GCL
008 140319s9999 xx 000 0 ara d
040 _aGCL /
_cGCL
082 0 4 _a361.4
_bد خ
100 1 _aيوسف ميخائيل اسعد
245 1 0 _aالخدمة الاجتماعية والانضباط الاجتماعى /
_cيوسف ميخائيل اسعد
700 1 _aداى، بيتر
300 _a380 ص
490 _aالالف كتاب الثانى
_v0
650 0 4 _aالخدمة الاجتماعية
650 0 4 _aالسلطة
650 0 4 _aالانضباط الاجتماعى
942 _2ddc
_cBK
999 _c44854
_d44854